<?xml version="1.0" encoding="UTF-8"?>
<record
    xmlns:xsi="http://www.w3.org/2001/XMLSchema-instance"
    xsi:schemaLocation="http://www.loc.gov/MARC21/slim http://www.loc.gov/standards/marcxml/schema/MARC21slim.xsd"
    xmlns="http://www.loc.gov/MARC21/slim">

  <leader>00693nam a22001937a 4500</leader>
  <controlfield tag="003">LK-CoDNM</controlfield>
  <controlfield tag="005">20241022154330.0</controlfield>
  <controlfield tag="008">241022b        |||||||| |||| 00| 0 eng d</controlfield>
  <datafield tag="040" ind1=" " ind2=" ">
    <subfield code="a">LK-CoDNM</subfield>
    <subfield code="d">LK-CoDNM</subfield>
    <subfield code="e">LK-CoDNM</subfield>
  </datafield>
  <datafield tag="041" ind1=" " ind2=" ">
    <subfield code="a">sin</subfield>
  </datafield>
  <datafield tag="080" ind1=" " ind2=" ">
    <subfield code="a">&#xDB4;&#xDCA;&#x200D;&#xDBB; &#xDB8; </subfield>
    <subfield code="b">39 A</subfield>
  </datafield>
  <datafield tag="245" ind1=" " ind2=" ">
    <subfield code="a">&#xDB8;&#xDD2;&#xDBB;&#xDD2;&#xDC3;&#xDCA;&#xDC3;&#xDDA; &#xD8B;&#xDA9;&#xDD4;&#xDB4;&#xDD2;&#xDBD; &#xDB6;&#xDDE;&#xDAF;&#xDCA;&#xDB0; &#xDC3;&#xDB8;&#xDD2;&#xDAD;&#xDD2;&#xDBA;&#xDDA; &#xDB0;&#xDBB;&#xDCA;&#x200D;&#xDB8; &#xDC3;&#xD82;&#xD9C;&#xDCA;&#x200D;&#xDBB;&#xDC4;&#xDBA; </subfield>
    <subfield code="b">1951</subfield>
    <subfield code="c">VOL 2  NO 1</subfield>
  </datafield>
  <datafield tag="260" ind1=" " ind2=" ">
    <subfield code="c">1950</subfield>
  </datafield>
  <datafield tag="300" ind1=" " ind2=" ">
    <subfield code="a">40P. : 22 CM</subfield>
  </datafield>
  <datafield tag="650" ind1=" " ind2=" ">
    <subfield code="a">&#xDB8;&#xDD2;&#xDBB;&#xDD2;&#xDC3;&#xDCA;&#xDC3;&#xDDA; &#xD8B;&#xDA9;&#xDD4;&#xDB4;&#xDD2;&#xDBD; &#xDB6;&#xDDE;&#xDAF;&#xDCA;&#xDB0; &#xDC3;&#xDB8;&#xDD2;&#xDAD;&#xDD2;&#xDBA;&#xDDA; &#xDB0;&#xDBB;&#xDCA;&#x200D;&#xDB8; &#xDC3;&#xD82;&#xD9C;&#xDCA;&#x200D;&#xDBB;&#xDC4;&#xDBA; </subfield>
  </datafield>
  <datafield tag="650" ind1=" " ind2=" ">
    <subfield code="a">1950</subfield>
  </datafield>
  <datafield tag="650" ind1=" " ind2=" ">
    <subfield code="a">&#xDB4;&#xDCA;&#x200D;&#xDBB; &#xDB8; 39  A</subfield>
  </datafield>
  <datafield tag="942" ind1=" " ind2=" ">
    <subfield code="c">BK</subfield>
  </datafield>
  <datafield tag="952" ind1=" " ind2=" ">
    <subfield code="0">0</subfield>
    <subfield code="1">0</subfield>
    <subfield code="4">1</subfield>
    <subfield code="7">0</subfield>
    <subfield code="8">OBC</subfield>
    <subfield code="a">MAIN</subfield>
    <subfield code="b">MAIN</subfield>
    <subfield code="c">REF</subfield>
    <subfield code="d">2024-10-22</subfield>
    <subfield code="l">0</subfield>
    <subfield code="o">&#xDB4;&#xDCA;&#x200D;&#xDBB; &#xDB8;  39 A</subfield>
    <subfield code="p">OJP4062-2</subfield>
    <subfield code="r">2024-10-22</subfield>
    <subfield code="w">2024-10-22</subfield>
    <subfield code="y">BK</subfield>
  </datafield>
  <datafield tag="999" ind1=" " ind2=" ">
    <subfield code="c">221176</subfield>
    <subfield code="d">221176</subfield>
  </datafield>
</record>
